000 00299nam a2200121Ia 4500
008 230524s9999 xx 000 0 und d
100 _aRobert K.Wysocki
245 0 _aEffective Software Project Management
260 _bJ.Wiley
500 _aQuantity Number: 10
650 _aComp-Sc
942 _cBK
999 _c49973
_d49973